| 000 | 00987cam a22003013a 4500 | ||
|---|---|---|---|
| 001 | 9603 | ||
| 003 | PGUSA | ||
| 005 | 20140828083214.0 | ||
| 008 | 060101s2006||||xxu|||||s|||||000 1 eng d | ||
| 040 |
_aPGUSA _beng |
||
| 042 | _adc | ||
| 050 | 4 | _aPL | |
| 100 | 1 |
_aCao, Xueqin, _d1715-1763 |
|
| 245 | 1 | 0 |
_aHung Lou Meng, or, the Dream of the Red Chamber, a Chinese Novel, Book I _h[electronic resource] / _cXueqin Cao |
| 260 |
_bProject Gutenberg, _c2006 |
||
| 506 | _aPublic domain in the USA. | ||
| 516 | _aElectronic text | ||
| 653 | _aChina -- History -- Qing dynasty, 1644-1912 -- Fiction | ||
| 653 | _aCao, Xueqin, approximately 1717-1763 -- Fiction | ||
| 653 | _aDomestic fiction | ||
| 653 | _aJia, Baoyu (Fictitious character) -- Fiction | ||
| 653 | _aAutobiographical fiction | ||
| 700 | 1 |
_aJoly, H. Bencraft, _d1857-1898 |
|
| 740 | 0 | _aHong lou meng. English | |
| 830 | 0 |
_aProject Gutenberg _v9603 |
|
| 856 | 4 | 0 | _uhttp://www.gutenberg.org/ebooks/9603 |
| 942 | _cEB | ||
| 999 |
_c238859 _d238859 |
||